000 00542nam a22001697a 4500
003 OSt
005 20120302150957.0
008 090910t xxu||||| |||| 00| 0 eng d
035 _a१४०४१
040 _cमराठी
100 _aमंगळवेढेकर,राजा
_98621
245 _aहा शोध भारताचा - ३ ( धर्मचक्र फ़िरले )
250 _a२ री
260 _aपुणे
_bअतुल
_c१९८८
300 _b६६ पाने
942 _2ddc
_cBOOK
999 _c493462
_d493459